banner koha

Soluções em hortifruti: movimento contra o desperdício (Registro n. 9890)

MARC details
000 -LÍDER
Campo de controle fixo 00842nam a22002897a 4500
001 - NÚMERO DE CONTROLE
Número de controle BR2023000997
003 - CÓDIGO MARC DA AGÊNCIA CATALOGADORA
Campo de controle BR-BrBNA
005 - DATA E HORA DA ÚLTIMA ATUALIZAÇÃO
Campo de controle 20230824171032.0
008 - CAMPO DE TAMANHO FIXO
Campo fixo de controle 230824b bl.||||| |||| 00| 0 por d
040 ## - FONTE DA CATALOGAÇÃO
Agência catalogadora BR-BrBNA
Idioma da catalogação por
Agência que transcreveu Biblioteca Nacional de Agricultura
041 ## - CÓDIGO DO IDIOMA
Código do Idioma por
072 ## - CATEGORIA AGRIS
Código da categoria de assunto Q03 ; Q02 ; F01
090 ## - NÚMERO DE CHAMADA
Número de Chamada Q03 BR2023000997
110 ## - ENTRADA PRINCIPAL - ENTIDADE
Nome da entidade ou lugar Dow AgroSciences, São Paulo, SP (Brazil)
245 ## - TÍTULO PRINCIPAL
Título principal Soluções em hortifruti: movimento contra o desperdício
260 ## - IMPRENTA (PUBLICAÇÃO, DISTRIBUIÇÃO, ETC.)
Lugar de publicação, distribuição, etc. São Paulo, SP (Brazil)
Data de publicação, distribuição, etc [nd]
300 ## - DESCRIÇÃO FÍSICA
Extensão 47 p.
500 ## - NOTA GERAL
Notas gerais Published 2017?; 4 ref.; 94 illus.
650 ## - ASSUNTO - THESAGRO
Cabeçalho tópico ou nome geográfico ALIMENTO VEGETAL
650 ## - ASSUNTO - THESAGRO
Cabeçalho tópico ou nome geográfico PRODUÇÃO DE ALIMENTO
650 ## - ASSUNTO - THESAGRO
Cabeçalho tópico ou nome geográfico DESPERDÍCIO
650 ## - ASSUNTO - THESAGRO
Cabeçalho tópico ou nome geográfico PRESERVAÇÃO DE ALIMENTO
650 ## - ASSUNTO - THESAGRO
Cabeçalho tópico ou nome geográfico ANÁLISE DE ALIMENTO
650 ## - ASSUNTO - THESAGRO
Cabeçalho tópico ou nome geográfico INSETICIDA
909 ## - IDENTIFICAÇÃO DO CATALOGADOR
Ano e mês da catalogação (aaaamm) 202308
Identificação do catalogador Fernando
942 ## - TIPO ESPECÍFICO
Tipo de material Livros
952 ## - LOCATION AND ITEM INFORMATION (KOHA)
-- 2023-08-24
Exemplares
Status de empréstimo Fonte de classificação Status de danificação Não pode ser emprestado Código da coleção Localização permanente Localização atual Localização na estante Total Checkouts Número de chamada Código de barras Tipo de material
  Classificação AGRIS     Agrobase Biblioteca Nacional de Agricultura - Binagri Biblioteca Nacional de Agricultura - Binagri Agrobase - Acervo Geral   Q03 BR2023000997 2023-436249 Livros

BINAGRI

Telefone: (61)3218-2567/2388/3357/2097 - binagri@agro.gov.br

Ministério da Agricultura e Pecuária , Esplanada dos Ministérios, Bloco D, Anexo B, Brasília/DF, CEP: 70.043-900